000 00506nam a22001937a 4500
003 KOHA_MİRAKIL
005 20251006120426.0
008 251006b tu ||||| |||| 00| 0 tur d
020 _a9789754541793
040 _aTR-AnABB
_btur
_cTR-AnABB
041 _atur
082 _a813.42
_bTAN 2010
100 1 _aTan, M.Turhan
245 1 0 _aCengiz Han /
_cM.Turhan Tan
260 _aİstanbul :
_bÇağrı Yayınları,
_c2010
300 _a248 sayfa ;
_c21 cm
650 0 4 _aTarih
942 _2ddc
_cBK
999 _c9112
_d9112
900 _bGizem YORULMAZ